Sistemas administrativos: análisis y diseño

Bibliographic Details
Main Author: Gómez Ceja, Guillermo
Format: Section = Libro
Language:Undetermined
Spanish
Published: México McGraw-Hill 1997
Subjects:
LEADER 00658nam a2200217Ia 4500
008 240829s9999 xx 000 0 und d
020 |a 970-10-1171-6 
040 |a BIBLIOTECA-RUPAP 658.4032 G633 
041 |a spa 
082 |a 658.4032 G633 
100 1 |a Gómez Ceja, Guillermo 
245 1 0 |a Sistemas administrativos: análisis y diseño 
260 |a México  |b McGraw-Hill  |c 1997 
300 |a 290 p. :il. 
650 7 |a ADMINISTRACION - ANALISIS DE SISTEMAS 
650 7 |b  SISTEMAS ADMINISTRATIVOS 
650 7 |c  PLANEACION DESARROLLO DE SISTEMAS 
650 7 |d  METODOLOGIA - ESTUDIO DE SISTEMAS. I. Tít. 
942 |c BK  |2 ddc 
991 |a TEXTO 
999 |c 8860